| 000 | 00610nam a22001937a 4500 | ||
|---|---|---|---|
| 999 |
_c196216 _d196216 |
||
| 005 | 20230607102859.0 | ||
| 010 | _aUR-12025 | ||
| 020 |
_a9789387539778 _c300.00 |
||
| 035 | _aU-10580 | ||
| 037 | _bDBAD/PUB | ||
| 082 | _a921 | ||
| 100 | _aاستھا نوی ، شکیل | ||
| 245 |
_aنقوش حیات / _cشکیل استھا نوی |
||
| 246 |
_aNuqoosh-E-Hayat / _bby Shakil Asthanwi |
||
| 260 |
_aDelhi _bEducational Publishing House _c2017 ء |
||
| 270 |
_a3191, Vakil Street, Kucha Pandit, lal Kuan _bDelhi _e110006 |
||
| 300 |
_a228 ص _c23cm(Hb) |
||
| 942 |
_2ddc _cUR _h921 _mا س ت |
||